Busiest NYC Subway Stations Quiz Stats

 Plays Quiz not verified by Sporcle

Also try: Both This and That
Challenge
Share
Tweet
Embed
Score 0/25 Timer 06:00
0 Plays Today
Passengers/Year (millions) Station % Correct
60.9Times Square-42 St
91.7%
44.6Grand Central-42 St
87.3%
28.334 St-Penn Station
79.9%
26.034 St-Penn Station
79.9%
35.514 St-Union Square
72.9%
20.559 St-Columbus Circle
58.4%
39.034 St-Herald Square
55.7%
15.9Chambers St/WTC/Park Place
45.9%
12.6West 4
45.3%
19.8Fulton St/Broadway-Nassau St
43.5%
16.4Canal St
43%
20.1Lexington Av/59 St
37.9%
14.242 St-Bryant Park
29.8%
Passengers/Year (millions) Station % Correct
18.4Flushing-Main St
29.3%
17.547-50 Sts-Rockefeller Center
28%
11.614 St/8 Av
27.4%
15.314 St/6 Av
27%
19.486 St
25%
10.8Broadway Lafayette/Bleecker St
21.7%
11.972 St
21.5%
11.596 St
21.2%
16.574 St-Broadway/Jackson Heights-Roosevelt Ave
19.8%
20.8Lexington Av-53 St/51 St
19%
11.7Jamaica Center-Parsons-Archer
11.3%
10.977 St
11.3%

You're not logged in!

Compare scores with friends on all Sporcle quizzes.
OR
Log In

You Might Also Like...

Show Comments

Extras

Top Quizzes Today


Score Distribution

Your Account Isn't Verified!

In order to create a playlist on Sporcle, you need to verify the email address you used during registration. Go to your Sporcle Settings to finish the process.

Report this User

Report this user for behavior that violates our Community Guidelines.

Details: